|
|
|
|
| LEADER |
00000nam a22000007a 4500 |
| 005 |
20110923120427.0 |
| 008 |
110923s2011 mx |||||s|||| 00||0 spa d |
| 020 |
|
|
|a 978-607-440-261-2
|
| 035 |
|
|
|a 5658
|
| 040 |
|
|
|a vLex
|
| 090 |
|
|
|c 2551
|d 2551
|
| 100 |
1 |
|
|a Přez Chavez, Još
|
| 245 |
1 |
0 |
|a Cm̤o calcular las pensiones que otorga el IMSS
|h [Recurso electrn̤ico] /
|c Jos ̌Přez Chavez; Raymundo Fol Olguin
|
| 256 |
|
|
|a Servicio en ln̕ea.
|
| 260 |
|
|
|a [Mx̌ico] :
|b Tax Editores,
|c 2011.
|
| 300 |
|
|
|a 1 recurso electrn̤ico
|
| 506 |
1 |
|
|a Contenido solo disponible en los productos indicados
|d vLex Global
|d vLex Global (Academic Edition, excluding Law Schools)
|d vLex Global (U.S. Academic Edition, Law Schools)
|d vLex Global (U.S. Academic Edition, excluding Law Schools)
|d vLex Global (Academic Edition, Law Schools)
|
| 650 |
0 |
4 |
|a Pensiones
|z Mx̌ico
|
| 700 |
1 |
|
|a Fol Olguin, Raymundo
|
| 710 |
2 |
|
|a Instituto Mexicano de Contadores Pb︢licos
|
| 740 |
0 |
|
|a vLex Libros (Servicio en ln̕ea)
|
| 856 |
4 |
0 |
|u http://vlex.com/source/calcular-pensiones-imss-5658
|z Acceso restringido
|
| 942 |
|
|
|c BOOK
|